Operačné systémy

Salvato in:
Dettagli Bibliografici
Autori principali: Martincová, Penka (Autore), Grondžák, Karol (Autore)
Natura: Libro
Lingua:slovacco
Pubblicazione: Žilina : Žilinská univerzita, 2004
Edizione:1.vyd.
Soggetti:
Tags: Aggiungi Tag
Nessun Tag, puoi essere il primo ad aggiungerne!!

MARC

LEADER 00000nam a22000003a 4500
001 stu99622
005 20220511102403.1
008 051213s2004----xo------------------slo-d
020 |a 80-8070-242-X 
040 |a STU  |b slo 
041 0 |a slo 
044 |a xo 
080 |a 681.3  |7 stu_us_auth*stu9200 
100 1 |a Martincová, Penka  |4 aut 
245 1 |a Operačné systémy 
250 |a 1.vyd. 
260 |a Žilina :  |b Žilinská univerzita,  |c 2004 
300 |a 294 s. 
650 7 |a operačné systémy  |2 stusub 
700 1 |a Grondžák, Karol  |4 aut 
996 |b 284EK86258  |c E*86258  |l EE22  |s P  |a 0  |w stu99622_0001 
996 |b 284EK85862  |c E*85862  |l EE01  |s A  |a 24  |w stu99622_0002